000 00859nas a2200301 4500
001 BR0401526
003 BR-BrBNA
005 20231205104427.0
007 ta
008 230509b bl.|||p| |||| 00| 00por d
040 _aBR-BrBNA
_bpor
_cBiblioteca Nacional de Agricultura
041 _a(Pt)
072 _aK10
100 1 _aLopes, J.C.
100 1 _aSoares, A. da S.
245 1 _aGerminação de sementes de Miconia cinnamomifolia (DC.)NAUD
650 _aSEMENTE
650 _aDISPERSÃO DE SEMENTE
650 _aGERMINAÇÃO
650 _aMICONIA CINNAMOMIFOLIA
650 _aJACATIRÃO-AÇÚ
650 _aÁRVORE
650 _aTEMPERATURA
650 _aEMBEBIÇÃO
773 0 _tBrasil Florestal (Brazil)
_xISSN 0045-270X
_g(Jan 2003), v. 21(75) p. 31-38
_wBR0401526
909 _a202311
_bLúcia
_c55
_dLúcia Elande
942 _2AGRIS
_n0
_cANA
999 _c178085
_d178085